000 01315nam a22003737a 4500
003 CHAP
005 20220817041157.0
008 971013s1990 r 00010 d
010 _a7991
011 _a8963
035 _a8197
040 _cCHAP
090 _aTesis
100 0 0 _aRafael Pérez, David Domingo.
_993724
245 _aEvaluación financiera de un proyecto modular de plantaciones forestales de Brosimun alicastrum Sw. con fines forrajeros en Yucatán
260 _aChapingo, Méx. :
_bEl autor,
_c1990
300 _a61 h.
502 _aTesis (Ing. Agr. Esp. en Bosques) -- UACH. División de Ciencias Forestales
590 _aALEPH
_b10
_c20130110
_lUCH01
_h1221
590 _aBATCH-UPD
_b10
_c20130110
_lUCH01
_h0038
590 _aBATCH-UPD
_b10
_c20130110
_lUCH01
_h1205
590 _aBATCH-UPD
_b10
_c20130409
_lUCH01
_h2023
590 _aBATCH-UPD
_b10
_c20130410
_lUCH01
_h0747
590 _aBATCH-UPD
_b10
_c20130914
_lUCH01
_h0751
590 _aCONVERSION
_b10
_c20130109
_lUCH01
_h1305
650 1 4 _aArboles como forraje.
650 1 4 _aÁrboles
_xYucatan.
_96658
650 1 4 _aBrosimum alicastrum.
_915586
650 1 4 _aPlantación de árboles.
_988782
901 _aBK
942 _cFOLL
949 _bBC
_cTES
_d-18362
_eTS1
_h26247
_i8197
_si
949 _bBC
_cTES
_d-18363
_eTS2
_fc.2
_h26248
_i8197
_si
999 _c7991
_d7991